000 00647nam a2200205 4500
999 _c2889
_d2889
001 2889
003 BD-JhCC
005 20180227112951.0
008 171107b1388 bg ||||| |||| 00| 0 ben d
035 _a(BD-JhCC)
040 _aBD-JhCC
_dBD-JhCC
041 _aben
082 _a891.44
_bROY 1388
100 _aরায়, সত্যজিৎ
245 _aরয়েল বেঙ্গল রহস্য /
_cসত্যজিৎ রায়
260 _aঢাকা:
_bনওরোজ কিতাবিস্তান ;
_c১৩৮৮
300 _a৯১ পৃ.;
_c২০ সেমি
650 _aBengali fiction
942 _2ddc
_cBK